[Ministerstvo obrany SR]

Bibliographic Details
Main Authors: Herc, Pavol (Author), Kolátor, Václav (Author)
Format: Article
Language:Slovak
PhysicalDescription:Sch., tab.
ISBN:8088842956
Subjects:

MARC

LEADER 00000nab a2200000 ar4500
001 vtls009174885
003 SK-MaSNL
005 20260304032147.0
008 080117c2006 xo zr|p|||||||000 b|slo
015 |a SNBRB2008/01  |2 snkbucl 
038 |a SNKBUCL 
040 |a SNKBUCL  |b slo  |c SNKBUCL  |e AACR2 
041 0 |a slo 
044 |a xo  |c SK 
080 |a 354.61  |x (437.6)  |2 2001 
080 |a 355.3  |x (437.6)  |2 2001 
100 1 |a Herc, Pavol  |4 aut  |9 1312676 
245 1 0 |a [Ministerstvo obrany SR]  |c [Pavol Herc, Václav Kolátor] 
300 |b Sch., tab. 
500 |a Mená autorov prevzaté z obsahu 
610 1 7 |a Slovensko.  |b Ozbrojené sily  |2 snkbucl  |9 88133 
610 1 7 |a Slovensko.  |b Ministerstvo obrany  |2 snkbucl  |9 114952 
700 1 |a Kolátor, Václav  |4 aut  |9 771305 
740 0 2 |a Hlavní funkcionári Ministerstva obrany SR a Generálneho štábu Ozbrojených síl SR a zmeny v priebehu roka 2005 
740 0 2 |a Organizačná štruktúra MO SR a jej vývoj v roku 2005 
773 0 |t Ročenka Ministerstva obrany Slovenskej republiky 2005  |d Bratislava : Ministerstvo obrany Slovenskej republiky, 2006  |g S. 10-[13]  |z 8088842956 
852 |a SNK  |b KIS3GCP 
958 |a SK 
999 |c 2641587  |d 2643517